Entre mares : (Record no. 21787)

MARC details
000 -CABECERA
campo de control de longitud fija 01128nam a2200277 4500
003 - IDENTIFICADOR DEL NÚMERO DE CONTROL
campo de control OSt
005 - FECHA Y HORA DE LA ÚLTIMA TRANSACCIÓN
campo de control 20260601193849.0
008 - DATOS DE LONGITUD FIJA--INFORMACIÓN GENERAL
campo de control de longitud fija 260418t199 mx a|||| |||| 00| 0 spa d
040 ## - FUENTE DE LA CATALOGACIÓN
Centro catalogador/agencia de origen ICI
Lengua de catalogación spa
Centro/agencia transcriptor ICI
041 ## - CÓDIGO DE LENGUA
Código de lengua del texto/banda sonora o título independiente spa
050 ## - SIGNATURA TOPOGRÁFICA DE LA BIBLIOTECA DEL CONGRESO
Número de clasificación GC35.2M4
Número de documento/Ítem E57
245 #0 - MENCIÓN DE TÍTULO
Título Entre mares :
Resto del título memoria grafica /
Mención de responsabilidad, etc. redaccion de textos Enrique Portillo Venegas, Claudia Mondragon Becerra, Patricia Lozano ; fotografia Francisco Lara ... [y otros.]
264 ## - PRODUCCIÓN, PUBLICACIÓN, DISTRIBUCIÓN, FABRICACIÓN Y COPYRIGHT
Nombre del de productor, editor, distribuidor, fabricante Fideicomiso Expo Lisboa '98 :
-- Margen Rojo,
Fecha de producción, publicación, distribución, fabricación o copyright c1999
Producción, publicación, distribución, fabricación y copyright México, D.F. :
300 ## - DESCRIPCIÓN FÍSICA
Extensión 104 páginas :
Otras características físicas ilustraciones
Dimensiones 30 cm
336 ## - TIPO DE CONTENIDO
Término de tipo de contenido texto
Fuente rdacontent
337 ## - TIPO DE MEDIO
Nombre/término del tipo de medio sin medio
Fuente rdamedia
338 ## - TIPO DE SOPORTE
Nombre/término del tipo de soporte volumen
Fuente rdacarrier
500 ## - NOTA GENERAL
Nota general A la cabeza de la portada: Presencia de Mexico en Expo'98 Lisboa
611 ## - PUNTO DE ACCESO ADICIONAL DE MATERIA--NOMBRE DE REUNIÓN/CONGRESO
Nombre de congreso/reunión o jurisdicción como elemento de entrada Expo ´98
Subdivisión cronológica (1998 :
Subdivisión geográfica Lisboa, Portugal).
9 (RLIN) 32001
650 ## - PUNTO DE ACCESO ADICIONAL DE MATERIA--TÉRMINO DE MATERIA
Término de materia o nombre geográfico como elemento de entrada Oceanografía
Subdivisión de forma Exposiciones
Subdivisión geográfica Mexico
9 (RLIN) 32002
700 ## - PUNTO DE ACCESO ADICIONAL--NOMBRE DE PERSONA
Nombre de persona Portillo Venegas, Enrique,
Término indicativo de función/relación colaborador
9 (RLIN) 32003
700 ## - PUNTO DE ACCESO ADICIONAL--NOMBRE DE PERSONA
Nombre de persona Mondragon Becerra, Claudia,
Término indicativo de función/relación colaborador
9 (RLIN) 32004
700 ## - PUNTO DE ACCESO ADICIONAL--NOMBRE DE PERSONA
Nombre de persona Lozano, Patricia,
Término indicativo de función/relación colaborador
9 (RLIN) 32005
700 ## - PUNTO DE ACCESO ADICIONAL--NOMBRE DE PERSONA
Nombre de persona Lara, Francisco,
Término indicativo de función/relación ilustrador
9 (RLIN) 32006
942 ## - ELEMENTOS DE PUNTO DE ACCESO ADICIONAL (KOHA)
Fuente del sistema de clasificación o colocación Library of Congress Classification
Tipo de ítem Koha Libros
Holdings
Estado de retiro Estado de pérdida Fuente del sistema de clasificación o colocación Estado dañado No para préstamo Localización permanente Ubicación/localización actual Fecha de adquisición Total de préstamos Signatura topográfica completa Código de barras Fecha visto por última vez Número de copia Precio válido a partir de Tipo de ítem Koha
El ejemplar forma parte de la colección y puede ser consultado según las políticas vigentes.   Library of Congress Classification     Biblioteca de Diseño Museo Franz Mayer Biblioteca de Diseño Museo Franz Mayer 18/04/2026   GC35.2M4 E57 BDIMFM000700 18/04/2026 Ej. 1 18/04/2026 Libros